[Event "Nikaia op 25th"]
[Site "Nikaia"]
[Date "2017.08.27"]
[Round "2"]
[White "Poulopoulos, Ioannis"]
[Black "Kakkanas, Evangelos"]
[Result "1-0"]
[WhiteElo "2290"]
[BlackElo "1991"]
[PlyCount "117"]
[EventDate "2017.08.26"]
[EventType "swiss"]
[EventRounds "9"]
[EventCountry "GRE"]
[SourceTitle "CBM 180 Extra"]
[Source "ChessBase"]
[SourceDate "2017.10.06"]
[SourceVersion "1"]
[SourceVersionDate "2017.10.06"]
[SourceQuality "1"]

1. c4 e6 2. Nc3 Nf6 3. e4 e5 4. Nf3 Nc6 5. Be2 Bb4 6. Nd5 Bc5 7. d3 h6 8. a3 a5 9. 0-0 d6 10. Rb1 Bg4 11. Bd2 Bxf3 12. Bxf3 Nd4 13. b4 axb4 14. axb4 Nxf3+ 15. Qxf3 Bd4 16. Ne3 Bxe3 17. Bxe3 Qd7 18. Ra1 Ke7 19. Qd1 Rxa1 20. Qxa1 g5 21. d4 Ng4 22. dxe5 Nxe5 23. c5 f6 24. Rd1 Rd8 25. h3 h5 26. Rd5 g4 27. h4 Qe6 28. Bf4 Rd7 29. Qc1 Ng6 30. cxd6+ cxd6 31. Bg3 Ne5 32. Qh6 Qf7 33. Qc1 Qe6 34. Qc8 Qf7 35. Rb5 Qe8 36. Qc3 Qf7 37. Ra5 Nc6 38. Rd5 Ne5 39. Ra5 Nc6 40. Ra8 Ne5 41. Qc8 Nc6 42. b5 Nd8 43. Qc3 Qe6 44. Ra4 Nf7 45. b6 Ne5 46. Qc8 Nc6 47. Qh8 Qf7 48. Ra8 Rd8 49. Rxd8 Nxd8 50. Bxd6+ Kxd6 51. Qxd8+ Kc6 52. g3 Qd7 53. Qxf6+ Kb5 54. Qf5+ Kc6 55. Qxd7+ Kxd7 56. f4 gxf3 57. Kf2 Kc6 58. Kxf3 Kxb6 59. g4 1-0

[Event "Aegean op 37th"]
[Site "Aghios Kirykos"]
[Date "2014.07.17"]
[Round "7"]
[White "Delithanasis, Dimitrios"]
[Black "Kakkanas, Evangelos"]
[Result "1/2-1/2"]
[WhiteElo "2135"]
[BlackElo "1988"]
[PlyCount "109"]
[EventDate "2014.07.12"]
[EventType "swiss"]
[EventRounds "9"]
[EventCountry "GRE"]
[SourceTitle "CBM 161 Extra"]
[Source "ChessBase"]
[SourceDate "2014.08.29"]
[SourceVersion "1"]
[SourceVersionDate "2014.08.29"]
[SourceQuality "1"]

1. d4 Nf6 2. c4 e6 3. Nc3 Bb4 4. e3 c5 5. Nge2 cxd4 6. Qxd4 Nc6 7. Qf4 g5 8. Qxg5 Rg8 9. Qb5 Ne4 10. Bd2 Nc5 11. Nd4 Ne5 12. Kd1 Ned3 13. Bxd3 Nxd3 14. Ke2 a6 15. Qh5 Nxb2 16. Qxh7 Qg5 17. Ne4 Qg4+ 18. Nf3 Be7 19. h3 Qg6 20. Qxg6 Rxg6 21. Ne5 Rg8 22. Rab1 Na4 23. g4 f5 24. gxf5 exf5 25. Rbg1 Rf8 26. Ng5 d6 27. Ng6 Rg8 28. Nxe7 Kxe7 29. f4 Bd7 30. Rb1 Bc6 31. Rhd1 Rad8 32. Bb4 Nc5 33. Bxc5 dxc5 34. Rb6 Rxd1 35. Kxd1 Rg6 36. Kd2 Rd6+ 37. Kc1 Rd3 38. Rb3 Rxb3 39. axb3 b5 40. Kd2 bxc4 41. bxc4 a5 42. h4 Be8 43. e4 fxe4 44. Nxe4 Ke6 45. Ke3 a4 46. Nxc5+ Kf5 47. h5 a3 48. h6 Kg6 49. Nb3 Kxh6 50. Kd4 Kg6 51. c5 Kf5 52. Ke3 a2 53. Nd4+ Kf6 54. Nc2 Kf5 55. Nd4+ 1/2-1/2

[Event "Aegean op 37th"]
[Site "Aghios Kirykos"]
[Date "2014.07.13"]
[Round "2"]
[White "Kakkanas, Evangelos"]
[Black "Farahat, Ali"]
[Result "1/2-1/2"]
[WhiteElo "1988"]
[BlackElo "2374"]
[PlyCount "77"]
[EventDate "2014.07.12"]
[EventType "swiss"]
[EventRounds "9"]
[EventCountry "GRE"]
[SourceTitle "CBM 161 Extra"]
[Source "ChessBase"]
[SourceDate "2014.08.29"]
[SourceVersion "1"]
[SourceVersionDate "2014.08.29"]
[SourceQuality "1"]

1. d4 Nf6 2. c4 e6 3. g3 d5 4. Bg2 Be7 5. Nf3 0-0 6. 0-0 dxc4 7. Ne5 c5 8. dxc5 Qc7 9. Nxc4 Qxc5 10. Qb3 Nc6 11. Be3 Nd4 12. Bxd4 Qxd4 13. Rd1 Qc5 14. Nbd2 Bd7 15. Qxb7 Rab8 16. Qf3 e5 17. Qc3 Ng4 18. Ne4 Qc7 19. h3 Be6 20. Na5 Qxc3 21. bxc3 Nf6 22. Nc6 Rbe8 23. Nd6 Bxd6 24. Rxd6 e4 25. Nxa7 Ra8 26. Nc6 Bxa2 27. e3 Be6 28. Rxa8 Rxa8 29. Rd8+ Rxd8 30. Nxd8 Bd5 31. Bf1 Kf8 32. Bb5 Ke7 33. Nc6+ Bxc6 34. Bxc6 Kd6 35. Ba4 Kc5 36. Bb3 Nd5 37. g4 f6 38. c4 Nc3 39. Kg2 1/2-1/2

[Event "Athens Nikeas Christmas op 2nd"]
[Site "Athens"]
[Date "2013.01.05"]
[Round "5.6"]
[White "Haldaiakis, Vasilios"]
[Black "Kakkanas, Evangelos"]
[Result "0-1"]
[WhiteElo "1749"]
[BlackElo "1979"]
[PlyCount "92"]
[EventDate "2013.01.02"]
[EventType "swiss"]
[EventRounds "7"]
[EventCountry "GRE"]
[SourceTitle "EXT 2024"]
[Source "ChessBase"]
[SourceDate "2023.10.10"]
[SourceVersion "1"]
[SourceVersionDate "2023.10.10"]
[SourceQuality "1"]

1. e4 c6 2. d4 d5 3. Nc3 dxe4 4. Nxe4 Bf5 5. Ng3 Bg6 6. Nf3 Nd7 7. h4 h6 8. Bd3 Bxd3 9. Qxd3 e6 10. Bf4 Qa5+ 11. c3 Ngf6 12. Ne4 Nxe4 13. Qxe4 Nf6 14. Qe5 Qb6 15. 0-0 Rd8 16. c4 Bd6 17. Qe3 Bxf4 18. Qxf4 0-0 19. b3 c5 20. dxc5 Qxc5 21. Rfd1 b5 22. Qe5 Qxe5 23. Nxe5 bxc4 24. Nxc4 Nd5 25. Rac1 f6 26. g3 Rd7 27. Kf1 Rfd8 28. a3 Kf7 29. Ke2 Nc3+ 30. Rxc3 Rxd1 31. b4 e5 32. b5 Ke6 33. a4 Rb1 34. Ne3 g6 35. Rc6+ Rd6 36. Rc8 Rb2+ 37. Nc2 Ra2 38. Ke1 Rxa4 39. f3 Ra5 40. g4 Rxb5 41. Rh8 Rb1+ 42. Ke2 Rb2 43. Rxh6 Rxc2+ 44. Ke3 Rc3+ 45. Ke2 Rdd3 46. Rxg6 Rxf3 0-1

[Event "GRE-chT 40th"]
[Site "Achaia"]
[Date "2012.07.01"]
[Round "3.16"]
[White "Kirgeridis, Panagiotis"]
[Black "Kakkanas, Evangelos"]
[Result "0-1"]
[WhiteElo "2037"]
[BlackElo "1981"]
[PlyCount "81"]
[EventDate "2012.06.30"]
[EventType "team-swiss"]
[EventRounds "7"]
[EventCountry "GRE"]
[SourceTitle "CBM 149 Extra"]
[Source "ChessBase"]
[SourceDate "2012.08.24"]
[SourceVersion "1"]
[SourceVersionDate "2012.08.24"]
[SourceQuality "1"]
[WhiteTeam "Polichnis"]
[BlackTeam "Amfissa Chess Union"]
[WhiteTeamCountry "GRE"]
[BlackTeamCountry "GRE"]

1. d4 Nf6 2. c4 e6 3. a3 c5 4. d5 exd5 5. cxd5 d6 6. Nc3 g6 7. e4 Bg7 8. Nge2 0-0 9. Ng3 Re8 10. Be2 a6 11. a4 Nbd7 12. 0-0 Rb8 13. Bg5 h6 14. Be3 Nf8 15. Qd2 Kh7 16. f3 Bd7 17. a5 Bc8 18. f4 b5 19. axb6 Rxb6 20. e5 dxe5 21. f5 N8d7 22. Rad1 Bb7 23. Bf3 Rb4 24. fxg6+ fxg6 25. Nge4 Qb6 26. Rf2 Rf8 27. Qc2 Qa5 28. g4 Rd4 29. Rdf1 Qb4 30. Na2 Qb6 31. Bxd4 exd4 32. b4 cxb4 33. Nxb4 Nxe4 34. Qxe4 Nc5 35. Qb1 d3 36. Kh1 a5 37. Nxd3 Qxb1 38. Rxb1 Nxd3 39. Rff1 Rxf3 40. Rxf3 Bxd5 41. Kg2 0-1

[Event "Nikaia op 19th"]
[Site "Nikaia"]
[Date "2011.08.27"]
[Round "3"]
[White "Kostouros, Alexandros"]
[Black "Kakkanas, Evangelos"]
[Result "1/2-1/2"]
[WhiteElo "2166"]
[BlackElo "1976"]
[PlyCount "92"]
[EventDate "2011.08.26"]
[EventType "swiss"]
[EventRounds "9"]
[EventCountry "GRE"]
[SourceTitle "CBM 144 Extra"]
[Source "ChessBase"]
[SourceDate "2011.10.28"]
[SourceVersion "1"]
[SourceVersionDate "2011.10.28"]
[SourceQuality "1"]

1. e4 c6 2. c4 d5 3. cxd5 cxd5 4. exd5 Nf6 5. Bb5+ Nbd7 6. Nc3 a6 7. Qa4 g6 8. Nf3 Bg7 9. d4 0-0 10. Bxd7 Nxd7 11. 0-0 b5 12. Qb4 Nb6 13. Re1 Ra7 14. Bf4 Nxd5 15. Nxd5 Qxd5 16. Rxe7 Rxe7 17. Qxe7 Bg4 18. Be5 Bxf3 19. gxf3 Qxf3 20. Bxg7 Kxg7 21. Qe5+ f6 22. Qe3 Qg4+ 23. Kf1 Rf7 24. h3 Qf5 25. Rc1 Rd7 26. b4 Qd5 27. a3 Qd6 28. Rd1 Re7 29. Qf3 f5 30. d5 Re4 31. Qc3+ Kh6 32. Kg2 Rc4 33. Qe3+ Kg7 34. Rd4 Rxd4 35. Qxd4+ Kf7 36. f4 Qf6 37. Qd2 Qe7 38. Kg3 Qe4 39. d6 Ke8 40. Qc3 Qe6 41. Kh4 Qxd6 42. Kg5 Kf7 43. Qb3+ Kf8 44. Qc3 Kf7 45. Qb3+ Kf8 46. Qc3 Kf7 1/2-1/2

[Event "Albena op 19th"]
[Site "Albena"]
[Date "2011.06.27"]
[Round "3"]
[White "Kakkanas, Evangelos"]
[Black "Vioreanu, Bogdan Gabriel"]
[Result "0-1"]
[WhiteElo "1957"]
[BlackElo "2430"]
[PlyCount "58"]
[EventDate "2011.06.25"]
[EventType "swiss"]
[EventRounds "9"]
[EventCountry "BUL"]
[SourceTitle "CBM 143 Extra"]
[Source "ChessBase"]
[SourceDate "2011.08.29"]
[SourceVersion "1"]
[SourceVersionDate "2011.08.29"]
[SourceQuality "1"]

1. d4 d5 2. c4 e6 3. Nf3 c6 4. Nbd2 Nf6 5. g3 c5 6. Bg2 Nc6 7. dxc5 Bxc5 8. 0-0 0-0 9. Nb3 Bb6 10. cxd5 exd5 11. Nbd4 Re8 12. Be3 Rxe3 13. fxe3 Ng4 14. Qd3 Qe7 15. Kh1 Nxe3 16. Nxc6 bxc6 17. Rfc1 Bf5 18. Qd2 Nxg2 19. Kxg2 Be3 20. Qd1 Bxc1 21. Rxc1 Re8 22. Rxc6 Qxe2+ 23. Qxe2 Rxe2+ 24. Kg1 Rxb2 25. Rd6 Kf8 26. Nd4 Bh3 27. Nc6 g6 28. a4 Rg2+ 29. Kh1 Rf2 0-1

[Event "Glyfada New Year op"]
[Site "Glyfada"]
[Date "2011.01.09"]
[Round "7"]
[White "Kakkanas, Evangelos"]
[Black "Diatsintos, Ilias"]
[Result "1-0"]
[WhiteElo "1975"]
[BlackElo "1609"]
[PlyCount "85"]
[EventDate "2011.01.02"]
[EventType "swiss"]
[EventRounds "7"]
[EventCountry "GRE"]
[SourceTitle "EXT 2024"]
[Source "ChessBase"]
[SourceDate "2023.10.10"]
[SourceVersion "1"]
[SourceVersionDate "2023.10.10"]
[SourceQuality "1"]

1. d4 Nf6 2. c4 d6 3. Nc3 g6 4. e4 c6 5. f3 Bg7 6. Be3 Nbd7 7. Nge2 a6 8. Ng3 Qa5 9. Be2 h5 10. Qa4 Qxa4 11. Nxa4 b5 12. Nc3 h4 13. Nf1 Bb7 14. 0-0-0 0-0-0 15. Nd2 Nh5 16. Bd3 b4 17. Ne2 c5 18. d5 Kc7 19. Bc2 Nb6 20. Bg5 Bf6 21. Bxf6 exf6 22. b3 Rde8 23. Rhe1 Bc8 24. g4 hxg3 25. hxg3 Rh7 26. g4 Ng7 27. Rh1 Reh8 28. Ng3 a5 29. Rxh7 Rxh7 30. Rh1 Rxh1+ 31. Nxh1 Nd7 32. f4 Nf8 33. Nf2 Nh7 34. Nf3 Bd7 35. Kd2 Kb6 36. Ke1 a4 37. e5 dxe5 38. fxe5 axb3 39. axb3 Kc7 40. Ne4 fxe5 41. Nxe5 f5 42. Nxc5 Be8 43. gxf5 1-0

[Event "Nikaia op 18th"]
[Site "Nikaia"]
[Date "2010.08.23"]
[Round "5"]
[White "Kakkanas, Evangelos"]
[Black "Katsiris, Ioannis"]
[Result "1/2-1/2"]
[WhiteElo "1979"]
[BlackElo "2107"]
[PlyCount "90"]
[EventDate "2010.08.20"]
[EventType "swiss"]
[EventRounds "9"]
[EventCountry "GRE"]
[SourceTitle "CBM 138 Extra"]
[Source "ChessBase"]
[SourceDate "2010.10.29"]
[SourceVersion "1"]
[SourceVersionDate "2010.10.29"]
[SourceQuality "1"]

1. d4 Nf6 2. c4 e6 3. g3 d5 4. Bg2 Bb4+ 5. Bd2 Bd6 6. Nf3 c6 7. Nc3 0-0 8. Bg5 Nbd7 9. 0-0 h6 10. Bxf6 Nxf6 11. c5 Be7 12. Qc2 b6 13. b4 a5 14. a3 Ba6 15. Rfe1 axb4 16. axb4 Qc7 17. Na4 bxc5 18. bxc5 Nd7 19. e4 dxe4 20. Qxe4 Bc4 21. Qc2 Bd5 22. Nc3 Bf6 23. Nxd5 exd5 24. Bh3 g6 25. Ra4 Rfe8 26. Rea1 Rxa4 27. Rxa4 Nf8 28. Qa2 Qb7 29. Bf1 Ne6 30. Ba6 Qd7 31. Bd3 Nf4 32. Bf1 Qg4 33. Ne5 Bxe5 34. dxe5 Nh3+ 35. Bxh3 Qxh3 36. Ra8 Qe6 37. f4 Rxa8 38. Qxa8+ Kg7 39. Qd8 Qf5 40. Qd6 Qb1+ 41. Kg2 Qe4+ 42. Kg1 d4 43. Qf6+ Kg8 44. Qd8+ Kg7 45. Qf6+ Kg8 1/2-1/2

[Event "Nikaia op 18th"]
[Site "Nikaia"]
[Date "2010.08.21"]
[Round "3"]
[White "Kakkanas, Evangelos"]
[Black "Atanasov, Radislav"]
[Result "0-1"]
[WhiteElo "1979"]
[BlackElo "2227"]
[PlyCount "64"]
[EventDate "2010.08.20"]
[EventType "swiss"]
[EventRounds "9"]
[EventCountry "GRE"]
[SourceTitle "CBM 138 Extra"]
[Source "ChessBase"]
[SourceDate "2010.10.29"]
[SourceVersion "1"]
[SourceVersionDate "2010.10.29"]
[SourceQuality "1"]

1. d4 Nf6 2. c4 c5 3. d5 e6 4. Nc3 exd5 5. cxd5 d6 6. e4 g6 7. f3 Bg7 8. Be3 0-0 9. Qd2 a6 10. a4 Re8 11. Nge2 Nbd7 12. Nd1 Qc7 13. Nec3 c4 14. Qf2 Ne5 15. Bb6 Qe7 16. Ne3 Nh5 17. Nxc4 f5 18. Nxe5 Bxe5 19. Bd4 fxe4 20. 0-0-0 e3 21. Qe1 b5 22. g3 b4 23. Ne4 Bf5 24. Qxe3 Rac8+ 25. Kb1 Nf6 26. Bxa6 Nxd5 27. Qf2 Rc7 28. Rc1 Qf7 29. Rxc7 Nxc7 30. Bd3 Qd5 31. Rc1 Bxd4 32. Bc4 Bxf2 0-1

[Event "Hastings Masters op 84th"]
[Site "Hastings"]
[Date "2009.01.04"]
[Round "8"]
[White "Kakkanas, Evangelos"]
[Black "Hopper, Paul"]
[Result "1-0"]
[WhiteElo "2009"]
[BlackElo "2173"]
[PlyCount "89"]
[EventDate "2008.12.28"]
[EventType "swiss"]
[EventRounds "9"]
[EventCountry "ENG"]
[SourceTitle "CBM 128 Extra"]
[Source "ChessBase"]
[SourceDate "2009.03.05"]
[SourceVersion "2"]
[SourceVersionDate "2009.03.25"]
[SourceQuality "1"]

1. d4 g6 2. e4 Bg7 3. Nf3 d6 4. Be2 Nf6 5. Nc3 0-0 6. 0-0 c6 7. a4 Bg4 8. Be3 Nbd7 9. h3 Bxf3 10. Bxf3 a5 11. Qd2 Qc7 12. Bh6 e5 13. Bxg7 Kxg7 14. dxe5 dxe5 15. Rad1 Nc5 16. Qe3 Ne6 17. Ne2 b5 18. axb5 cxb5 19. Rd2 b4 20. Rfd1 Rfd8 21. g4 Rxd2 22. Rxd2 Rd8 23. g5 Ne8 24. Bg4 Rxd2 25. Qxd2 Nc5 26. Ng3 Qd6 27. Qe1 Qd4 28. c3 bxc3 29. bxc3 Qd6 30. Be2 Qb6 31. Bc4 Nd6 32. Bd5 Qb2 33. Qe3 Ndb7 34. Kg2 Qb5 35. Qf3 Qe8 36. Qf6+ Kg8 37. h4 Nd7 38. Qc6 Nbc5 39. h5 Kh8 40. Qd6 a4 41. Bc6 Qb8 42. Qd5 a3 43. Bxd7 Nxd7 44. Qxd7 a2 45. Qa4 1-0

[Event "EU-ch 9th"]
[Site "Plovdiv"]
[Date "2008.05.02"]
[Round "11"]
[White "Kakkanas, Evangelos"]
[Black "Petrusic, Toni"]
[Result "1-0"]
[WhiteElo "2058"]
[BlackElo "1956"]
[PlyCount "95"]
[EventDate "2008.04.21"]
[EventType "swiss"]
[EventRounds "11"]
[EventCountry "BUL"]
[SourceTitle "CBM 124"]
[Source "ChessBase"]
[SourceDate "2008.05.28"]
[SourceVersion "1"]
[SourceVersionDate "2008.05.28"]
[SourceQuality "1"]

1. d4 Nf6 2. Nf3 e6 3. g3 d5 4. Bg2 Be7 5. 0-0 Nbd7 6. c4 0-0 7. Qc2 c6 8. Nbd2 Re8 9. e4 dxe4 10. Nxe4 Nxe4 11. Qxe4 Nf6 12. Qc2 Bd6 13. Re1 Qe7 14. Bd2 c5 15. Bc3 cxd4 16. Nxd4 Bc5 17. Rad1 a6 18. a3 Qc7 19. Nf3 Be7 20. Be5 Qb6 21. Rd2 a5 22. Red1 a4 23. Ng5 g6 24. h4 Qb3 25. Qxb3 axb3 26. Rd3 h6 27. Ne4 Nxe4 28. Bxe4 Ra4 29. Rxb3 Rxc4 30. Bxb7 Bxb7 31. Rxb7 f6 32. Bc3 e5 33. Rdd7 Bf8 34. Ra7 Rc6 35. Kf1 f5 36. a4 g5 37. h5 f4 38. g4 e4 39. a5 f3 40. Rab7 Ra8 41. Ke1 Rxc3 42. bxc3 Rxa5 43. Rb8 Ra1+ 44. Rd1 Ra2 45. Rdd8 Ra1+ 46. Kd2 Ra2+ 47. Ke3 Re2+ 48. Kd4 1-0

[Event "EU-ch 9th"]
[Site "Plovdiv"]
[Date "2008.05.01"]
[Round "10"]
[White "Kakkanas, Evangelos"]
[Black "Sigalas, Frangiskos"]
[Result "0-1"]
[WhiteElo "2058"]
[BlackElo "2250"]
[PlyCount "49"]
[EventDate "2008.04.21"]
[EventType "swiss"]
[EventRounds "11"]
[EventCountry "BUL"]
[SourceTitle "CBM 124"]
[Source "ChessBase"]
[SourceDate "2008.05.28"]
[SourceVersion "1"]
[SourceVersionDate "2008.05.28"]
[SourceQuality "1"]

1. d4 Nf6 2. c4 e6 3. Nf3 b6 4. g3 Ba6 5. Qc2 c5 6. Bg2 Nc6 7. dxc5 Bxc5 8. 0-0 Rc8 9. b3 0-0 10. Nc3 d5 11. Rd1 Qc7 12. Bf4 Qb7 13. Ne5 Nxe5 14. Bxe5 Bxf2+ 15. Kxf2 Ng4+ 16. Kg1 Nxe5 17. Rxd5 exd5 18. Nxd5 Qb8 19. Rf1 Rce8 20. Be4 Ng6 21. Bxg6 fxg6 22. Rxf8+ Kxf8 23. Qd2 Qe5 24. Qb4+ Kg8 25. Qa4 0-1

[Event "EU-ch 9th"]
[Site "Plovdiv"]
[Date "2008.04.26"]
[Round "6"]
[White "Vlashki, Nino"]
[Black "Kakkanas, Evangelos"]
[Result "1-0"]
[WhiteElo "2206"]
[BlackElo "2058"]
[PlyCount "95"]
[EventDate "2008.04.21"]
[EventType "swiss"]
[EventRounds "11"]
[EventCountry "BUL"]
[SourceTitle "CBM 124"]
[Source "ChessBase"]
[SourceDate "2008.05.28"]
[SourceVersion "1"]
[SourceVersionDate "2008.05.28"]
[SourceQuality "1"]

1. c4 Nf6 2. Nc3 d5 3. cxd5 Nxd5 4. g3 e6 5. Bg2 c6 6. Nf3 Be7 7. 0-0 0-0 8. d4 Nd7 9. e4 Nxc3 10. bxc3 c5 11. a4 cxd4 12. cxd4 b6 13. a5 bxa5 14. Bd2 Bb4 15. Bg5 f6 16. Be3 Ba6 17. Qb3 Qe7 18. Rfc1 Kh8 19. Rc6 Nb6 20. Qxe6 Qxe6 21. Rxe6 Bc4 22. d5 a4 23. Bd2 Bc5 24. Be3 Rac8 25. Bxc5 Rxc5 26. Nd4 Rc7 27. Bf1 g6 28. Rc6 Rxc6 29. dxc6 Bxf1 30. Kxf1 Rd8 31. Rd1 Rc8 32. Ke2 Nc4 33. Rc1 Nd6 34. Kd3 Kg8 35. Ra1 Kf7 36. Rxa4 Rc7 37. Rb4 Ke7 38. Rb8 Rc8 39. Rb7+ Kf8 40. Rxa7 Nf7 41. f4 h6 42. h4 Nd8 43. Ra6 Ke7 44. Kc4 g5 45. Kd5 gxh4 46. gxh4 Nf7 47. Nf5+ Kf8 48. Nd6 1-0

[Event "EU-ch 9th"]
[Site "Plovdiv"]
[Date "2008.04.23"]
[Round "3"]
[White "Kanakaris, Georgios"]
[Black "Kakkanas, Evangelos"]
[Result "1-0"]
[WhiteElo "2300"]
[BlackElo "2058"]
[PlyCount "137"]
[EventDate "2008.04.21"]
[EventType "swiss"]
[EventRounds "11"]
[EventCountry "BUL"]
[SourceTitle "CBM 124"]
[Source "ChessBase"]
[SourceDate "2008.05.28"]
[SourceVersion "1"]
[SourceVersionDate "2008.05.28"]
[SourceQuality "1"]

1. d4 d5 2. c4 e6 3. Nc3 Nf6 4. Bg5 Be7 5. Nf3 0-0 6. e3 Nbd7 7. Rc1 c6 8. Qc2 h6 9. Bh4 Re8 10. Bd3 dxc4 11. Bxc4 Nd5 12. Bxe7 Qxe7 13. e4 Nxc3 14. bxc3 e5 15. 0-0 b5 16. Bb3 Bb7 17. Rfe1 c5 18. Qe2 c4 19. Bc2 Qa3 20. Bb1 Re7 21. dxe5 Nxe5 22. Nd4 a6 23. Nf5 Rd7 24. f4 Ng6 25. Qf2 Rad8 26. Nd4 b4 27. f5 Ne5 28. Qg3 bxc3 29. f6 Ng6 30. Nf5 gxf6 31. Nxh6+ Kf8 32. Qf3 Qc5+ 33. Kh1 Qg5 34. Nf5 Ne5 35. Qxc3 Ng6 36. Qxc4 Kg8 37. Qb3 Rd2 38. Qg3 Qxg3 39. Nxg3 Nf4 40. Rf1 Nxg2 41. Rg1 Nf4 42. Nf1+ Kf8 43. Nxd2 Rxd2 44. Rcf1 Nd3 45. Bxd3 Rxd3 46. Rg4 Re3 47. Rxf6 Bxe4+ 48. Kg1 Bd3 49. Rgf4 Re7 50. Rd6 Bb5 51. a4 Re1+ 52. Kg2 Be2 53. Rdf6 Ra1 54. Rxf7+ Kg8 55. R7f5 Kg7 56. Rg5+ Kh6 57. Rg8 Bh5 58. Rh4 Ra2+ 59. Kf1 Ra1+ 60. Kf2 Ra2+ 61. Ke1 Re2+ 62. Kf1 Re5 63. Rh8+ Kg6 64. R4xh5 Rxh5 65. Rxh5 Kxh5 66. Ke2 Kh4 67. Kd3 Kh3 68. Kc4 Kxh2 69. Kc5 1-0

[Event "EU-ch 9th"]
[Site "Plovdiv"]
[Date "2008.04.21"]
[Round "1"]
[White "Kakkanas, Evangelos"]
[Black "Naumann, Alexander"]
[Result "0-1"]
[WhiteElo "2058"]
[BlackElo "2523"]
[PlyCount "56"]
[EventDate "2008.04.21"]
[EventType "swiss"]
[EventRounds "11"]
[EventCountry "BUL"]
[SourceTitle "CBM 124"]
[Source "ChessBase"]
[SourceDate "2008.05.28"]
[SourceVersion "1"]
[SourceVersionDate "2008.05.28"]
[SourceQuality "1"]

1. d4 Nf6 2. c4 e6 3. Nf3 b6 4. g3 Ba6 5. Qc2 Bb7 6. Bg2 Bb4+ 7. Bd2 a5 8. 0-0 0-0 9. Bf4 Be7 10. Nc3 d5 11. Ne5 c6 12. Rfd1 Na6 13. Rac1 Rc8 14. e4 h6 15. Qe2 Nb8 16. g4 Ba6 17. b3 Nfd7 18. Qf3 Nxe5 19. dxe5 d4 20. Ne2 c5 21. Qh3 Nc6 22. Rd3 f6 23. exf6 Bxf6 24. g5 Bxg5 25. Qxe6+ Kh8 26. Bxg5 Qxg5 27. Rg3 Qh5 28. Nf4 Rxf4 0-1

[Event "Hastings Masters op 83rd"]
[Site "Hastings"]
[Date "2008.01.05"]
[Round "9"]
[White "Kakkanas, Evangelos"]
[Black "Andersen, Daniel"]
[Result "0-1"]
[WhiteElo "2064"]
[BlackElo "2013"]
[PlyCount "72"]
[EventDate "2007.12.28"]
[EventType "swiss"]
[EventRounds "10"]
[EventCountry "ENG"]
[SourceTitle "CBM 122 Extra"]
[Source "ChessBase"]
[SourceDate "2008.03.04"]
[SourceVersion "1"]
[SourceVersionDate "2008.03.04"]
[SourceQuality "1"]

1. d4 Nf6 2. c4 g6 3. Nc3 d5 4. cxd5 Nxd5 5. e4 Nxc3 6. bxc3 Bg7 7. Bc4 0-0 8. Ne2 c5 9. 0-0 Nc6 10. Be3 Bd7 11. Qd2 e5 12. d5 Na5 13. Bd3 b6 14. c4 Nb7 15. a4 f5 16. f3 f4 17. Bf2 g5 18. g4 fxg3 19. Bxg3 Bh3 20. Rf2 h5 21. Kh1 h4 22. Bxe5 Bxe5 23. Rg1 g4 24. f4 Bg7 25. e5 Bxe5 26. Qe3 Bg7 27. Qe6+ Rf7 28. Bg6 Qe7 29. Bxf7+ Qxf7 30. Qc6 Re8 31. f5 Na5 32. Qd6 Nxc4 33. Qc6 Ne5 34. Qd6 Nd3 35. Rgg2 Bxg2+ 36. Rxg2 Qxf5 0-1

[Event "Hastings Masters op 83rd"]
[Site "Hastings"]
[Date "2007.12.29"]
[Round "2"]
[White "Kakkanas, Evangelos"]
[Black "Afek, Yochanan"]
[Result "1/2-1/2"]
[WhiteElo "2064"]
[BlackElo "2349"]
[PlyCount "103"]
[EventDate "2007.12.28"]
[EventType "swiss"]
[EventRounds "10"]
[EventCountry "ENG"]
[SourceTitle "CBM 122 Extra"]
[Source "ChessBase"]
[SourceDate "2008.03.04"]
[SourceVersion "1"]
[SourceVersionDate "2008.03.04"]
[SourceQuality "1"]

1. d4 Nf6 2. c4 c5 3. d5 b5 4. cxb5 a6 5. bxa6 g6 6. Nc3 Bxa6 7. g3 d6 8. Bg2 Bg7 9. Nf3 0-0 10. 0-0 Nbd7 11. Qc2 Qa5 12. Bd2 Rfb8 13. a4 Qb6 14. Rfb1 Qb3 15. Ne1 Ne5 16. Nb5 Qxc2 17. Nxc2 Bxb5 18. axb5 Rxa1 19. Rxa1 Rxb5 20. Ra8+ Bf8 21. Bc3 Nc4 22. Na3 Nxa3 23. Rxa3 Rb7 24. e4 Nd7 25. f4 Bg7 26. Ra8+ Rb8 27. Rxb8+ Nxb8 28. Kf2 Nd7 29. Ke3 Nb6 30. Bxg7 Kxg7 31. b3 Kf6 32. Bf1 e6 33. dxe6 fxe6 34. Bb5 Nc8 35. Kd3 e5 36. Ke3 Ne7 37. Bd7 g5 38. fxg5+ Kxg5 39. Kf3 d5 40. exd5 Nxd5 41. h4+ Kf6 42. g4 h6 43. Bc6 Nf4 44. Ke4 Ng6 45. Bd5 Nxh4 46. Bc4 Ng6 47. Kd5 Nh4 48. Kxc5 Nf3 49. b4 Nd4 50. b5 Nxb5 51. Bxb5 Kg5 52. Kd5 1/2-1/2

[Event "Panellinio Protathlima op 1st"]
[Site "Greece"]
[Date "2007.06.23"]
[Round "4"]
[White "Kakkanas, Evangelos"]
[Black "Konstantelias, Konstantinos"]
[Result "0-1"]
[WhiteElo "2096"]
[BlackElo "1918"]
[PlyCount "35"]
[EventDate "2007.06.20"]
[EventType "swiss"]
[EventRounds "7"]
[EventCountry "GRE"]
[SourceTitle "EXT 2009"]
[Source "ChessBase"]
[SourceDate "2008.11.26"]
[SourceVersion "1"]
[SourceVersionDate "2008.11.26"]
[SourceQuality "1"]

1. d4 Nf6 2. c4 g6 3. Nc3 Bg7 4. e4 d6 5. f4 0-0 6. Nf3 c5 7. dxc5 dxc5 8. Qxd8 Rxd8 9. e5 Ne8 10. Be3 b6 11. Be2 Nc6 12. Kf2 f6 13. exf6 Bxf6 14. Rhd1 Nd6 15. Rd2 Bxc3 16. bxc3 Ne4+ 17. Ke1 Nxd2 18. Nxd2 0-1

[Event "Aegean op 29th"]
[Site "Aghios Kirykos"]
[Date "2006.07.18"]
[Round "8"]
[White "Davanos, Thomas"]
[Black "Kakkanas, Evangelos"]
[Result "0-1"]
[WhiteElo "1961"]
[BlackElo "2135"]
[PlyCount "98"]
[EventDate "2006.07.12"]
[EventType "swiss"]
[EventRounds "9"]
[EventCountry "GRE"]
[SourceTitle "CBM 113 Extra"]
[Source "ChessBase"]
[SourceDate "2006.09.14"]
[SourceVersion "1"]
[SourceVersionDate "2006.09.14"]
[SourceQuality "1"]

1. e4 c5 2. Nf3 Nc6 3. d4 cxd4 4. Nxd4 Qc7 5. Nc3 e6 6. Be3 a6 7. Be2 Nf6 8. 0-0 Bb4 9. Nxc6 bxc6 10. Na4 Bd6 11. f4 Nxe4 12. Nb6 Rb8 13. Nxc8 Rxc8 14. Bxa6 Rb8 15. Bd3 Nf6 16. b3 Nd5 17. Qf3 Qa5 18. Bf2 Nxf4 19. Be3 Nxd3 20. Qxf7+ Kd8 21. cxd3 Qe5 22. Qf4 Kc7 23. Rac1 Qh5 24. g4 Qh4 25. Qf2 Qxg4+ 26. Qg2 Qh5 27. Bf4 e5 28. Bg3 Rhe8 29. Qe4 Re6 30. Rf5 Qg6 31. Kg2 Qh6 32. Rcf1 Rb4 33. Qe1 Rb5 34. Qe4 Rd5 35. Qa4 Bc5 36. Qa5+ Bb6 37. Qc3 Bd4 38. Qc4 Rf6 39. a4 Qd2+ 40. Kh1 Rxf5 41. Rxf5 Qd1+ 42. Kg2 Qe2+ 43. Kh1 Rd6 44. Rf7 Qd1+ 45. Kg2 Qg1+ 46. Kf3 Qf1+ 47. Kg4 Qe2+ 48. Kh3 Rh6+ 49. Bh4 Qh5 0-1